Privátne bankovníctvo na príklade vybraných bánk v SR bakalárska práca

Uložené v:
Podrobná bibliografia
Hlavný autor: Susedková, Lucia
Korporativný autor: Národohospodárska fakulta EU. Katedra bankovníctva a medzinárodných financií
Ďalší autori: Tkáčová, Daniela, 1954-
Médium: Kniha
Jazyk:Slovak
Vydavateľské údaje: Bratislava 2018
Tagy: Pridať tag
Žiadne tagy, Buďte prvý, kto otaguje tento záznam!

MARC

LEADER 00000nbm a2200000 4500
001 0245850
005 20181214130446.7
041 0 |a slo 
044 |a SK 
245 1 0 |a Privátne bankovníctvo na príklade vybraných bánk v SR  |b bakalárska práca  |c Lucia Susedková ; školiteľ: Daniela Tkáčová 
264 1 |a Bratislava  |c 2018 
300 |a 45 s. 
100 1 |a Susedková, Lucia 
700 1 |a Tkáčová, Daniela, 1954- 
710 2 |a Národohospodárska fakulta EU. Katedra bankovníctva a medzinárodných financií